000 00820nam a2200277Ia 4500
003 OSt
005 20221005064006.0
006 a|||||r|||| 00| 0
007 ta
008 221004b |||||||| |||| 00| 0 eng d
020 _a9781473911925 (pbk)
_cUKP 24.99
024 _a29711
037 _b430, 10/03/2017, Kilaso Books
_cTextual
040 _aCRL
_cCRL
_beng
041 _2eng
_aeng
082 _aS:86, Q6
100 _aDeurzen Emmy Van
_9142012
245 0 _aSkills in existential
_b counselling and psychotherapy
250 _a2nd
260 _aLos
_bAngles Sage USA
_c2016
300 _aix,234p.
_ccm.
650 _aCOUNSELING
_933625
700 _a Adams Martin
942 _hS:86, Q6
_cTEXL
_2cc
999 _c972188
_d972188